|
|
|
|
| LEADER |
00862nam a2200217 a 4500 |
| 001 |
3011022 |
| 008 |
100413s1993 bg b 000 0 eng d |
| 010 |
|
|
|a 93904027
|
| 020 |
|
|
|a 9848003037
|
| 040 |
|
|
|a DLC
|c DLC
|d DLC
|d BD-DhAAL
|
| 082 |
0 |
0 |
|a 307.1/412/0954
|2 20
|
| 100 |
2 |
|
|a Mozammel Hossain, A. M.
|
| 245 |
1 |
0 |
|a Rural development at the cross roads in Bangladesh :
|b a critical study /
|c A.M. Mozammel Hossain.
|
| 260 |
|
|
|a Dhaka, Bangladesh :
|b Prottasha Prokashon,
|c 1993.
|
| 300 |
|
|
|a 119 p. ;
|c 22 cm.
|
| 500 |
|
|
|a Includes bibliographical references (p. 100).
|
| 541 |
1 |
|
|e 00004965
|
| 650 |
|
0 |
|a Rural development
|z India.
|
| 852 |
4 |
|
|a Ayesha Abed Library
|j General shelf
|
| 999 |
|
|
|c 8118
|d 8118
|
| 952 |
|
|
|0 0
|1 0
|2 ddc
|4 0
|6 307_141209540000000_MOZ_1993
|7 0
|9 9266
|a BRACUL
|b BRACUL
|c GEN
|d 2010-04-18
|g 110.00
|l 0
|o 307.14120954 MOZ
|p 3010004965
|r 2010-04-18
|t 1
|w 2010-04-18
|y BK
|